Dude Perfect - Statistics

General Stats
  • This quiz has been taken 52 times
  • The average score is 16 of 20
Answer Stats
Hint Answer % Correct
In Overtime he sits in the middle Tyler
100%
6'6 Cody
96%
Spins Wheel Unfortunatea lot Cory
96%
Sits on the left to the middle in Overtime Coby
93%
Bald Garrett
93%
Name each different type of DP video: Overtime
89%
DP mascot Panda
89%
How many dudes were there (originally) 6
87%
Twins' last name Cotton
87%
Hosts Wheel Unfortunate Ned Forrestor
87%
Battle
85%
True or False: Once Dpinvited Luca Doncic onto Overtime True
85%
Cody's last name Jones
83%
Ty's last name Toney
83%
Gar's last name Hilbert
80%
The gamer Sparky
80%
Trick Shots
67%
Bucket List
35%
Coby's first battle win Sumo battle
35%
Dude PerfectGaming
2%
No matching quizzes found
Score Distribution
Percent of People with Each Score
Percentile by Number Answered
Your Score History
You have not taken this quiz